Začlenenie a vylúčenie v období transformácie a integrácie

Začlenenie a vylúčenie. Začlenenie a sloboda pohybu. Začlenenie a participácia. Začlenenie a občianstvo. Začlenenie a sociálna integrácia. Vylúčenie a chudoba. Začlenenie a vylúčenie v dokumentoch EÚ. Sociálna integrácia v programoch EÚ. Integrácia, Európska únia a Slovensko. Sociálna Európa - vízia...

Ausführliche Beschreibung

Gespeichert in:
Bibliographische Detailangaben
1. Verfasser: Čambáliková, Monika
Format: Buchkapitel
Sprache:Slowakisch
Schlagworte:
Tags: Tag hinzufügen
Keine Tags, Fügen Sie das erste Tag hinzu!

MARC

LEADER 00000naa$a2200000$$$4500
001 0003963
005 20230929070932.5
041 0 |a slo 
044 |a SK 
245 1 0 |a Začlenenie a vylúčenie v období transformácie a integrácie  |c aut. Monika Čambáliková 
520 |a Začlenenie a vylúčenie. Začlenenie a sloboda pohybu. Začlenenie a participácia. Začlenenie a občianstvo. Začlenenie a sociálna integrácia. Vylúčenie a chudoba. Začlenenie a vylúčenie v dokumentoch EÚ. Sociálna integrácia v programoch EÚ. Integrácia, Európska únia a Slovensko. Sociálna Európa - vízia alebo utópia? 
610 2 0 |a integrácia ekonomická medzinárodná 
610 2 0 |a sloboda 
610 2 0 |a pohyb 
610 2 0 |a práva ľudské 
610 2 0 |a integrácia sociálna 
610 2 0 |a chudoba 
610 2 0 |a Slovensko 
610 2 0 |a Európska únia 
610 2 0 |a vylúčenie sociálne 
100 1 |a Čambáliková, Monika